| 000 | 00500nam a2200193Ia 4500 | ||
|---|---|---|---|
| 005 | 20230425115254.0 | ||
| 008 | 131103s9999 xx 000 0 und d | ||
| 040 | _aLoreto College | ||
| 041 | _aEnglish | ||
| 082 |
_a823.73 _bSCO |
||
| 100 | _aScott, Sir Walter | ||
| 245 |
_aSaint Roman;s Well _cSir Walter Scott |
||
| 260 |
_aLondon _bOxford University Press _c1912 |
||
| 300 | _a173p | ||
| 504 | _aIncludes notes and glossary | ||
| 650 | _aEnglish Fiction | ||
| 850 | _aLCLIB | ||
| 942 | _cBK | ||
| 999 |
_c24414 _d74893 |
||